| 000 | 00530 a2200205 4500 | ||
|---|---|---|---|
| 005 | 20260204151830.0 | ||
| 008 | 260204b |||||||| |||| 00| 0 eng d | ||
| 020 |
_a9781913229290 _c£ 85.00 |
||
| 040 | _aMAIN | ||
| 082 |
_a572.5 _bM314R |
||
| 100 | _aManinder Singh | ||
| 245 | _aRedox biology and cellular metabolism | ||
| 260 |
_bWestbury Publishing _c2020 _aEngland |
||
| 300 | _aviii, 254 | ||
| 650 | _aBiology | ||
| 650 | _aRedox Biology | ||
| 650 | _aCellular Biology | ||
| 700 | _aCharles, Daniel | ||
| 942 | _cBK | ||
| 999 |
_c395202 _d395202 |
||